000 00408nam a2200145Ia 4500
008 100122s9999 xx 000 0 und d
082 _b49841
_a81
100 _aतेंडुलकर विजय
245 _aरामप्रहर
260 _bऋतू प्रकाशन
_c1994
300 _a294
630 _aरामप्रहर
730 _aरामप्रहर
942 _cBOOK
999 _c427682
_d427679